Call of Duty: Modern Warfare 3 - Statistics

General Stats
  • This quiz has been taken 21 times
  • The average score is 78 of 230
Answer Stats
Hint 1 Hint 2 Answer % Correct
Weapon Assault Rifle AK-47
81%
Weapon Assault Rifle M16A4
75%
Weapon Assault Rifle M4A1
75%
Weapon Submachine Gun MP7
75%
Weapon Attachment ACOG Scope
69%
Weapon Assault Rifle ACR 6.8
69%
Weapon Submachine Gun MP5
69%
Weapon Camo Red
69%
Weapon Attachment Red Dot Sight
69%
Weapon Launcher RPG-7
69%
Weapon Assault Rifle SCAR-L
69%
Weapon Lethal Semtex
69%
Weapon Shotgun SPAS-12
69%
Weapon Lethal Throwing Knife
69%
Weapon Submachine Gun UMP45
69%
Weapon Camo Blue
63%
Weapon Lethal Frag
63%
Weapon Machine Pistol G18
63%
Weapon Assault Rifle G36C
63%
Weapon Shotgun Model 1887
63%
Weapon Sniper Rifle MSR
63%
Assault Pointstreak 3 Points UAV
63%
Support Pointstreak 4 Points UAV
63%
Weapon Handgun USP .45
63%
Weapon Sniper Rifle Barrett .50cal
56%
Weapon Lethal C4
56%
Weapon Assault Rifle CM901
56%
Support Pointstreak 5 Points Counter-UAV
56%
Weapon Handgun Desert Eagle
56%
Game Mode Public Domination
56%
Weapon Assault Rifle FAD
56%
Weapon Handgun Five Seven
56%
Weapon Tactical Flashbang
56%
Weapon Attachment Holographic Sight
56%
Weapon Launcher Javelin
56%
Weapon Light Machine Gun M60E4
56%
Weapon Assault Rifle MK14
56%
Weapon Submachine Gun P90
56%
Game Mode Public Search and Destroy
56%
Weapon Machine Pistol Skorpion
56%
Weapon Launcher SMAW
56%
Weapon Launcher Stinger
56%
Weapon Shotgun Striker
56%
Weapon Tactical Tactical Insertion
56%
Game Mode Public Team Deathmatch
56%
Weapon Handgun .44 Magnum
50%
Weapon Shotgun AA-12
50%
Game Mode Public Capture the Flag
50%
Assault Pointstreak 4 Points Care Package
50%
Weapon Lethal Claymore
50%
Weapon Sniper Rifle Dragunov
50%
Weapon Machine Pistol FMG9
50%
Weapon Camo Gold
50%
Assault Pointstreak 15 Points Juggernaut
50%
Game Mode Private Match Juggernaut
50%
Weapon Shotgun KSG 12
50%
Weapon Light Machine Gun L86 LSW
50%
Weapon Light Machine Gun MK46
50%
Weapon Machine Pistol MP9
50%
Weapon Handgun P99
50%
Assault Pointstreak 12 Points Pave Low
50%
Weapon Light Machine Gun PKP Pecheneg
50%
Weapon Submachine Gun PP90M1
50%
Perk Tier 1 Recon
50%
Perk Tier 1 Scavenger
50%
Weapon Attachment Silencer
50%
Weapon Tactical Smoke Grenade
50%
Support Pointstreak 14 Points Stealth Bomber
50%
Weapon Attachment Thermal Scope
50%
Weapon Assault Rifle Type 95
50%
Weapon Shotgun USAS 12
50%
Assault Pointstreak 12 Points AC-130
44%
Map Included Arkaden
44%
Weapon Sniper Rifle AS50
44%
Assault Pointstreak 7 Points Attack Helicopter
44%
Weapon Camo Autumn
44%
Weapon Lethal Bouncing Betty
44%
Map Included Dome
44%
Support Pointstreak 18 Points EMP
44%
Game Mode Public Free-for-All
44%
Weapon Attachment Grip
44%
Game Mode Community Infected
44%
Game Mode Private Match Infected
44%
Weapon Proficiency Kick
44%
Game Mode Public Kill Confirmed
44%
Weapon Sniper Rifle L118A
44%
Weapon Launcher M320 GLM
44%
Weapon Light Machine Gun MG36
44%
Map Included Mission
44%
Hidden Killstreak 25 Kills M.O.A.B.
44%
Weapon Submachine Gun PM-9
44%
Weapon Attachment Rapid Fire
44%
Weapon Sniper Rifle RSASS
44%
Faction NATO SAS
44%
Map Included Seatown
44%
Assault Pointstreak 5 Points Sentry Gun
44%
Perk Tier 3 SitRep
44%
Map Free Map Terminal
44%
Weapon Launcher XM25
44%
Support Pointstreak 12 Points Advanced UAV
38%
Perk Tier 2 Assassin
38%
Weapon Tactical Concussion Grenade
38%
Deathstreak 6 Deaths Dead Man's Hand
38%
Perk Tier 3 Dead Silence
38%
Faction NATO Delta Force
38%
Weapon Attachment Extended Mags
38%
Game Mode Private Match Gun Game
38%
Weapon Attachment Hybrid Scope
38%
Faction Russia Inner Circle
38%
Deathstreak 4 Deaths Juiced
38%
Weapon Handgun MP412
38%
Weapon Tactical Portable Radar
38%
Assault Pointstreak 9 Points Reaper
38%
Map Included Resistance
38%
Weapon Special Riot Shield
38%
Perk Tier 1 Sleight of Hand
38%
Weapon Tactical Trophy System
38%
Map Included Underground
38%
Faction Russia African Militia
31%
Weapon Attachment Akimbo
31%
Map Included Bakaara
31%
Map Included Carbon
31%
Game Mode Public Demolition
31%
Map Included Downturn
31%
Weapon Tactical EMP Grenade
31%
Deathstreak 4 Deaths Final Stand
31%
Weapon Attachment Grenade Launcher
31%
Map Included Hardhat
31%
Perk Tier 2 Hardline
31%
Assault Pointstreak 17 Points Osprey Gunner
31%
Perk Tier 2 Overkill
31%
Faction NATO PMC
31%
Assault Pointstreak 6 Points Precision Airstrike
31%
Assault Pointstreak 5 Points Predator Missile
31%
Perk Tier 2 Quickdraw
31%
Weapon Camo Snow
31%
Faction Russia Spetsnaz
31%
Weapon Attachment Tactical Knife
31%
Weapon Attachment Variable Zoom
31%
Map Included Village
31%
Assault Pointstreak 10 Points Assault Drone
25%
Weapon Proficiency Attachments
25%
Support Pointstreak 5 Points Ballistic Vests
25%
Map Included Bootleg
25%
Perk Tier 1 Extreme Conditioning
25%
Map Included Fallen
25%
Faction NATO GIGN
25%
Weapon Attachment Heartbeat Sensor
25%
Map Included Interchange
25%
Perk Tier 3 Marksman
25%
Deathstreak 4 Deaths Martyrdom
25%
Weapon Tactical Scrambler
25%
Perk Tier 3 Stalker
25%
Perk Tier 3 Steady Aim
25%
Assault Pointstreak 9 Points Strafe Run
25%
Weapon Special Camo Winter
25%
Map Face Off Map Aground
19%
Map Free Map Aground
19%
Assault Pointstreak 9 Points AH-6 Overwatch
19%
Game Mode Community All or Nothing
19%
Perk Tier 2 Blast Shield
19%
Perk Tier 1 Blind Eye
19%
Game Mode Community Drop Zone
19%
Game Mode Private Match Drop Zone
19%
Map Face Off Map Erosion
19%
Map Free Map Erosion
19%
Game Mode Public Ground War
19%
Game Mode Public Headquarters
19%
Weapon Proficiency Impact
19%
Assault Pointstreak 5 Points I.M.S.
19%
Map Included Lockdown
19%
Weapon Special Camo Marine
19%
Map Included Outpost
19%
Game Mode Public Sabotage
19%
Support Pointstreak 8 Points SAM Turret
19%
Weapon Attachment Shotgun
19%
Specialist Pointstreak 8 Points All Perks
13%
Weapon Camo Choco
13%
Weapon Proficiency Damage
13%
Weapon Camo Hex
13%
Support Pointstreak 18 Points Juggernaut Recon
13%
Weapon Camo Multicam
13%
Game Mode Community MW3Some
13%
Map Content Pack 5 Oasis
13%
Map Content Pack 2 Overwatch
13%
Weapon Proficiency Range
13%
Support Pointstreak 10 Points Recon Drone
13%
Weapon Proficiency Speed
13%
Map Content Pack 6 Vortex
13%
Map Face Off Map Vortex
13%
Support Pointstreak 5 Points Airdrop Trap
6%
Weapon Camo Classic
6%
Weapon Camo Digital Urban
6%
Support Pointstreak 18 Points Escort Airdrop
6%
Game Mode Private Match Face Off
6%
Specialist Pointstreak 4 Points Fifth Perk
6%
Weapon Proficiency Focus
6%
Specialist Pointstreak 2 Points Fourth Perk
6%
Map Content Pack 5 Getaway
6%
Map Face Off Map Getaway
6%
Map Content Pack 9 Gulch
6%
Weapon Attachment HAMR Scope
6%
Deathstreak 5 Deaths Hollow Points
6%
Weapon Proficiency Melee
6%
Game Mode Community Money in the Denk
6%
Map Content Pack 1 Piazza
6%
Support Pointstreak 12 Points Remote Turret
6%
Deathstreak 5 Deaths Revenge
6%
Map Content Pack 4 Sanctuary
6%
Specialist Pointstreak 6 Points Sixth Perk
6%
Weapon Camo Snake
6%
Game Mode Public Team Defender
6%
Game Mode Public Team Tactical
6%
Map Content Pack 6 U-Turn
6%
Map Face Off Map U-Turn
6%
Map Content Pack 3 Black Box
0%
Map Content Pack 9 Boardwalk
0%
Weapon Proficiency Breath
0%
Map Content Pack 7 Decommission
0%
Map Content Pack 4 Foundation
0%
Map Content Pack 6 Intersection
0%
Map Face Off Map Intersection
0%
Map Content Pack 1 Liberation
0%
Map Content Pack 5 Lookout
0%
Map Face Off Map Lookout
0%
Map Content Pack 7 Off Shore
0%
Game Mode Private Match One in the Chanber
0%
Map Content Pack 9 Parish
0%
Weapon Proficiency Stability
0%
Game Mode Private Match Team Juggernaut
0%
No matching quizzes found
Score Distribution
Percent of People with Each Score
Percentile by Number Answered
Your Score History
You have not taken this quiz